<?xml version="1.0" encoding="UTF-8"?>
<marc:record xmlns:marc="http://www.loc.gov/MARC21/slim">
   <marc:leader>00000nam a2200000 a 4500</marc:leader>
   <marc:datafield ind1="1" ind2=" " tag="100">
      <marc:subfield code="a">Reinl, Edda</marc:subfield>
      <marc:subfield code="4">aut</marc:subfield>
      <marc:subfield code="e">Verfasser/-in</marc:subfield>
   </marc:datafield>
   <marc:datafield ind1="0" ind2="0" tag="245">
      <marc:subfield code="a">Adam Wunderbar</marc:subfield>
   </marc:datafield>
   <marc:datafield ind1="0" ind2="0" tag="245">
      <marc:subfield code="c">Edda Reinl</marc:subfield>
   </marc:datafield>
   <marc:datafield ind1=" " ind2="1" tag="264">
      <marc:subfield code="a">Bargteheide</marc:subfield>
      <marc:subfield code="b">minedition</marc:subfield>
      <marc:subfield code="c">2014</marc:subfield>
   </marc:datafield>
   <marc:datafield ind1="1" ind2=" " tag="520">
      <marc:subfield code="a">Angaben aus der Verlagsmeldung

Adam "Wunderbar" / von Edda Reinl

Der schönste Lohn für einen Gaukler, der auf der Straße seine Kunststücke vorführt, ist der Applaus des Publikums. Und natürlich die Münzen und anderen guten Dinge, die er geschenkt bekommt. Als Adam der Gaukler den König höchstpersönlich mit seinen Kunststücken aufs Beste unterhält, gibt der ihm nichts außer dem begeisterten Ausruf "Wunderbar!". Aha, denkt sich Adam und so bezahlt auch er den Bäcker für das Brot mit einem begeisterten "Wunderbar!" und dem Hinweis: "So bezahlt der König!". Ob das lange gut geht?
</marc:subfield>
   </marc:datafield>
   <marc:datafield ind1=" " ind2=" " tag="020">
      <marc:subfield code="a">9783865661876</marc:subfield>
      <marc:subfield code="9">9783865661876</marc:subfield>
   </marc:datafield>
   <marc:datafield ind1=" " ind2=" " tag="041">
      <marc:subfield code="a">ger</marc:subfield>
   </marc:datafield>
   <marc:datafield ind1=" " ind2=" " tag="300">
      <marc:subfield code="a">25] S.</marc:subfield>
   </marc:datafield>
</marc:record>
